AI strategy (Record no. 4629)
[ view plain ]
| 000 -CABECERA | |
|---|---|
| campo de control de longitud fija | 01801cam a22002415i 4500 |
| 001 - NÚMERO DE CONTROL | |
| campo de control | 24053234 |
| 005 - FECHA Y HORA DE LA ÚLTIMA TRANSACCIÓN | |
| campo de control | 20250408081435.0 |
| 008 - DATOS DE LONGITUD FIJA--INFORMACIÓN GENERAL | |
| campo de control de longitud fija | 250306s2025 nyu 000 0 eng |
| 010 ## - NÚMERO DE CONTROL DE LA BIBLIOTECA DEL CONGRESO | |
| Número de control de LC | 2025933569 |
| 020 ## - NÚMERO INTERNACIONAL ESTÁNDAR DEL LIBRO | |
| Número Internacional Estándar del Libro | 9781398619555 |
| 040 ## - FUENTE DE LA CATALOGACIÓN | |
| Centro catalogador/agencia de origen | DLC |
| Lengua de catalogación | eng |
| Normas de descripción | rda |
| Centro/agencia transcriptor | DLC |
| 041 ## - CÓDIGO DE LENGUA | |
| Código de lengua del texto/banda sonora o título independiente | eng |
| 042 ## - CÃDIGO DE AUTENTICACIÃN | |
| Código de autenticación | pcc |
| 050 ## - SIGNATURA TOPOGRÁFICA DE LA BIBLIOTECA DEL CONGRESO | |
| Número de clasificación | HD30.28 |
| Número de documento/Ítem | 2025 |
| 100 ## - ENTRADA PRINCIPAL--NOMBRE DE PERSONA | |
| Nombre de persona | Marr, Bernard |
| Término indicativo de función/relación | author |
| 9 (RLIN) | 5438 |
| 245 10 - MENCIÓN DE TÍTULO | |
| Título | AI strategy |
| Resto del título | : unleash the power of artificial intelligence in your business |
| Mención de responsabilidad, etc. | / Bernard Marr. |
| 250 ## - MENCIÓN DE EDICIÓN | |
| Mención de edición | First edition. |
| 260 ## - PUBLICACIÓN, DISTRIBUCIÓN, ETC. | |
| Lugar de publicación, distribución, etc. | New York : |
| Nombre del editor, distribuidor, etc. | Kogan Page, |
| Fecha de publicación, distribución, etc. | 2025. |
| 300 ## - DESCRIPCIÓN FÍSICA | |
| Extensión | xi, 312 pages ; |
| Dimensiones | 24 cm. |
| 520 ## - SUMARIO, ETC. | |
| Sumario, etc. | With the rapid adoption of AI across all industries, it is vital that leaders ensure their organizations remain competitive and innovative. Bestselling author and futurist, Bernard Marr, provides a comprehensive overview of AI's impact on the business world and covers multiple dimensions of AI implementation. Providing leaders with the tools to harness the advantages of AI and manage its complexities, this book shows how to develop a practical blueprint and provides the strategic insights needed to succeed in the rapidly-changing world affected by AI. AI Strategy shows business leaders how to rapidly scale their AI strategy. It addresses the essential issues affecting every part of a business, from ethics, data management, compliancy and security to upskilling employees, risk management and upgrading existing technology infrastructure. Featuring real-world examples of AI strategy being applied across multiple organizations and industries, from energy, healthcare and education to marketing and HR, this book is the must-read guide to getting any business ready to unleash the power of AI. |
| 650 #0 - PUNTO DE ACCESO ADICIONAL DE MATERIA--TÉRMINO DE MATERIA | |
| Término de materia o nombre geográfico como elemento de entrada | Artificial intelligence |
| Subdivisión general | Business applications |
| 9 (RLIN) | 25125 |
| 942 ## - ELEMENTOS DE ENTRADA AGREGADA (KOHA) | |
| Fuente del sistema de clasificación o colocación | Clasificación de Library of Congress |
| Estado de retiro | Estado de pérdida | Fuente del sistema de clasificación o colocación | Estado dañado | No para préstamo | Biblioteca de origen | Biblioteca actual | Fecha de adquisición | Total de préstamos | Signatura topográfica completa | Código de barras | Fecha visto por última vez | Número de copia | Precio válido a partir de | Tipo de ítem Koha |
|---|---|---|---|---|---|---|---|---|---|---|---|---|---|---|
| Clasificación Decimal Dewey | TBS Barcelona | TBS Barcelona | 08/04/2025 | HD30.28 MAR | B05901 | 08/04/2025 | 1 | 08/04/2025 | Book |

